| 000 | 00868cab a2200265 4500 | ||
|---|---|---|---|
| 001 | ABS58318 | ||
| 008 | 090401t1998 xxu||||| |||| 00| 0 eng d | ||
| 035 | _a(Sirsi) u84487 | ||
| 041 | _aeng | ||
| 100 | _aDriscoll, J. | ||
| 245 | _aInvesting in residential property to rent (6) | ||
| 260 | _c1998 | ||
| 350 | _a0 | ||
| 490 |
_aSolicitors` Journal _v(142) 13 February 1998, 138-139(2) |
||
| 520 | _aOutlines the basic points to consider where a landlord is seeking to recover possession against a tenant. | ||
| 650 | _aBUY-TO-LET | ||
| 650 | _aHOUSING ACT 1988 S27 | ||
| 650 | _aPOSSESSION PROCEEDINGS | ||
| 650 | _aPOSSESSION | ||
| 650 | _aPROTECTION FROM EVICTION ACT 1977 | ||
| 650 | _aRESIDENTIAL INVESTMENT | ||
| 690 | _aPROPERTY-RESIDENTIAL PROPERTY-RESIDENTIAL LANDLORD AND TENANT-RESIDENTIAL TENANCIES | ||
| 942 | _n0 | ||
| 948 | _c25/02/1998 | ||
| 999 |
_c53090 _d53090 |
||